Top 10 healthiest countries in the world - Statistics

General Stats
  • This quiz has been taken 53 times
  • The average score is 7 of 10
Answer Stats
Score Answer % Correct
90,24 Sweden
91%
91,38 Japan
89%
89,09 Norway
89%
91,59 Italy
77%
91,44 Iceland
75%
90,93 Switzerland
73%
89,75 Australia
70%
92,75 Spain
70%
89,29 Singapore
48%
88,15 Israel
43%
No matching quizzes found
Score Distribution
Percent of People with Each Score
Percentile by Number Answered
Your Score History
You have not taken this quiz